[Event "Aleksandria Cup"]
[Site "?"]
[Date "2015.07.19"]
[Round "8.4"]
[White "Maghalashvili, Davit"]
[Black "Sivuk, Vitaly"]
[Result "1-0"]
[LiveChessVersion "1.3.1"]
[BlackElo "2463"]
[WhiteElo "2515"]

1. Nf3 Nf6 {[%clk 1:28:49]} 2. g3 {[%clk 1:30:53]} d5 {[%clk 1:28:57]} 3. Bg2
{[%clk 1:31:09]} g6 {[%clk 1:29:17]} 4. O-O {[%clk 1:30:13]} Bg7 {[%clk 1:29:40]}
5. d3 {[%clk 1:30:01]} O-O {[%clk 1:29:58]} 6. Nbd2 {[%clk 1:30:09]} c5
{[%clk 1:30:12]} 7. e4 {[%clk 1:29:53]} Nc6 {[%clk 1:30:27]} 8. exd5
{[%clk 1:27:11]} Nxd5 {[%clk 1:30:47]} 9. Re1 {[%clk 1:27:28]} e5
{[%clk 1:30:35]} 10. Nc4 {[%clk 1:27:14]} f6 {[%clk 1:25:28]} 11. c3
{[%clk 1:25:10]} Be6 {[%clk 1:23:53]} 12. a4 {[%clk 1:19:18]} Qd7
{[%clk 1:18:16]} 13. Nfd2 {[%clk 1:16:03]} b6 {[%clk 1:14:37]} 14. Ne4
{[%clk 1:07:42]} h6 {[%clk 1:08:06]} 15. a5 {[%clk 1:02:01]} f5 {[%clk 1:06:56]}
16. Ned6 {[%clk 1:00:23]} Nxa5 {[%clk 0:56:56]} 17. Nxa5 {[%clk 0:59:41]} Qxd6
{[%clk 0:56:31]} 18. Nc4 {[%clk 0:59:56]} Qc7 {[%clk 0:56:34]} 19. Nxe5
{[%clk 0:56:52]} Bxe5 {[%clk 0:34:45]} 20. f4 {[%clk 0:49:16]} Rad8
{[%clk 0:28:55]} 21. Rxe5 {[%clk 0:48:18]} Bf7 {[%clk 0:28:37]} 22. Qe2
{[%clk 0:45:49]} Nf6 {[%clk 0:27:44]} 23. h3 {[%clk 0:37:58]} Rfe8
{[%clk 0:24:20]} 24. Bd2 {[%clk 0:34:33]} Qd7 {[%clk 0:23:05]} 25. Bf1
{[%clk 0:27:39]} c4 {[%clk 0:19:43]} 26. d4 {[%clk 0:26:01]} Ne4 {[%clk 0:19:11]}
27. Be1 {[%clk 0:22:44]} g5 {[%clk 0:14:12]} 28. Bg2 {[%clk 0:20:37]} gxf4
{[%clk 0:11:10]} 29. gxf4 {[%clk 0:20:54]} Kh8 {[%clk 0:10:12]} 30. Kh2
{[%clk 0:10:35]} Rxe5 {[%clk 0:06:07]} 31. fxe5 {[%clk 0:10:59]} Bd5
{[%clk 0:05:04]} 32. Qh5 {[%clk 0:07:13]} Qg7 {[%clk 0:03:26]} 33. Rxa7
{[%clk 0:03:50]} Qxa7 {[%clk 0:02:53]} 34. Bxe4 Bxe4 {[%clk 0:01:30]} 35. Qxh6+
{[%clk 0:04:25]} Kg8 {[%clk 0:01:07]} 36. Qg5+ {[%clk 0:04:45]} Kf7
{[%clk 0:00:53]} 37. Qxd8 {[%clk 0:03:35]} Qa1 {[%clk 0:01:15]} 38. Qf6+
{[%clk 0:03:25]} Kg8 {[%clk 0:01:22]} 39. Qg5+ {[%clk 0:03:14]} Kf7
{[%clk 0:01:42]} 40. Qd2 {[%clk 0:33:12]} Qb1 {[%clk 0:31:42]} 41. d5
{[%clk 0:31:06]} Qd3 {[%clk 0:27:20]} 42. Qxd3 {[%clk 0:29:40]} cxd3
{[%clk 0:26:11]} 43. d6 {[%clk 0:29:08]} Ke6 {[%clk 0:25:36]} 44. Kg3
{[%clk 0:29:13]} Bc6 {[%clk 0:25:20]} 45. Kf4 {[%clk 0:29:24]} Ba4
{[%clk 0:24:16]} 46. h4 {[%clk 0:29:25]} Bd1 {[%clk 0:24:14]} 47. Ke4 Kd5+
{[%clk 0:18:20]} 1-0

[Event "Aleksandria Cup"]
[Site "?"]
[Date "2015.07.19"]
[Round "8.5"]
[White "Harutjunyan, Gevorg"]
[Black "Rasulov, Vugar"]
[Result "1-0"]
[LiveChessVersion "1.3.1"]
[BlackElo "2504"]
[WhiteElo "2449"]

1. e4 {[%clk 1:30:57]} c5 {[%clk 1:28:52]} 2. Nf3 {[%clk 1:31:17]} d6
{[%clk 1:28:51]} 3. d4 {[%clk 1:31:37]} cxd4 {[%clk 1:28:27]} 4. Nxd4
{[%clk 1:31:58]} Nf6 {[%clk 1:28:43]} 5. Nc3 {[%clk 1:32:21]} a6 {[%clk 1:28:52]}
6. Be3 {[%clk 1:32:38]} e5 {[%clk 1:28:09]} 7. Nb3 {[%clk 1:32:44]} Be7
{[%clk 1:28:23]} 8. h3 {[%clk 1:32:42]} Be6 {[%clk 1:22:27]} 9. Qf3
{[%clk 1:32:50]} Nbd7 {[%clk 1:20:51]} 10. g4 {[%clk 1:29:34]} h6
{[%clk 1:18:12]} 11. O-O-O {[%clk 1:27:49]} Rc8 {[%clk 1:18:38]} 12. Nd5
{[%clk 1:26:30]} Bxd5 {[%clk 1:15:15]} 13. exd5 {[%clk 1:26:50]} Nb6
{[%clk 1:14:28]} 14. Kb1 {[%clk 1:23:32]} Qc7 {[%clk 1:14:12]} 15. c3
{[%clk 1:15:53]} Nc4 {[%clk 1:00:23]} 16. Bc1 {[%clk 1:11:46]} b5
{[%clk 1:00:36]} 17. h4 {[%clk 1:06:33]} Nd7 {[%clk 0:52:39]} 18. Bd3
{[%clk 0:59:41]} g6 {[%clk 0:42:19]} 19. Qe2 {[%clk 0:53:06]} a5 {[%clk 0:41:39]}
20. Nd2 {[%clk 0:40:32]} Ndb6 {[%clk 0:39:00]} 21. Ne4 {[%clk 0:37:46]} b4
{[%clk 0:34:25]} 22. f4 {[%clk 0:19:12]} bxc3 {[%clk 0:22:12]} 23. Nxc3
{[%clk 0:19:01]} Qc5 {[%clk 0:21:39]} 24. fxe5 {[%clk 0:18:08]} dxe5
{[%clk 0:21:44]} 25. d6 {[%clk 0:17:28]} Nxd6 {[%clk 0:07:10]} 26. Be3
{[%clk 0:17:28]} Qb4 {[%clk 0:05:47]} 27. Bxb6 {[%clk 0:13:08]} Rxc3
{[%clk 0:02:40]} 28. Qxe5 {[%clk 0:13:20]} f6 {[%clk 0:01:19]} 29. Qxc3
{[%clk 0:12:33]} Qxb6 {[%clk 0:01:46]} 30. Bxg6+ {[%clk 0:12:51]} Kd7
{[%clk 0:02:09]} 31. Bf5+ {[%clk 0:12:07]} Ke8 {[%clk 0:02:38]} 32. Rhe1
{[%clk 0:11:55]} Kf8 {[%clk 0:03:07]} 33. Re6 {[%clk 0:11:22]} 1-0

[Event "Aleksandria Cup"]
[Site "?"]
[Date "2015.07.19"]
[Round "8.6"]
[White "Bernadskiy, Vitaliy"]
[Black "Hayrapetyan, Hovik"]
[Result "1/2-1/2"]
[LiveChessVersion "1.3.1"]
[BlackElo "2444"]
[WhiteElo "2548"]

1. e4 {[%clk 1:27:48]} c5 {[%clk 1:29:58]} 2. Nf3 {[%clk 1:28:14]} e6
{[%clk 1:30:23]} 3. d4 {[%clk 1:28:41]} cxd4 {[%clk 1:30:48]} 4. Nxd4
{[%clk 1:29:09]} a6 {[%clk 1:31:13]} 5. c4 {[%clk 1:29:29]} Nf6 {[%clk 1:30:56]}
6. Nc3 {[%clk 1:29:30]} Qc7 {[%clk 1:31:20]} 7. Be2 {[%clk 1:28:32]} b6
{[%clk 1:30:29]} 8. Be3 {[%clk 1:28:12]} Bb7 {[%clk 1:30:50]} 9. f3
{[%clk 1:28:16]} Bd6 {[%clk 1:28:19]} 10. g3 {[%clk 1:27:40]} O-O
{[%clk 1:21:43]} 11. a3 {[%clk 1:26:51]} Be7 {[%clk 1:16:12]} 12. Rc1
{[%clk 1:27:17]} d6 {[%clk 1:16:37]} 13. O-O {[%clk 1:27:42]} Nbd7
{[%clk 1:17:05]} 14. b4 {[%clk 1:27:41]} Rac8 {[%clk 1:17:31]} 15. Qd2
{[%clk 1:26:25]} Qb8 {[%clk 1:17:21]} 16. Rc2 {[%clk 1:22:49]} Bd8
{[%clk 1:10:58]} 17. Rfc1 {[%clk 1:17:15]} Bc7 {[%clk 1:09:17]} 18. b5
{[%clk 1:16:36]} a5 {[%clk 1:08:39]} 19. Nc6 {[%clk 1:13:27]} Bxc6
{[%clk 1:09:03]} 20. bxc6 {[%clk 1:13:54]} Nc5 {[%clk 1:08:11]} 21. Rb1
{[%clk 1:13:24]} Bd8 {[%clk 1:02:55]} 22. e5 {[%clk 1:10:51]} Ne8
{[%clk 0:59:20]} 23. Bxc5 {[%clk 1:08:24]} dxc5 {[%clk 0:59:44]} 24. f4
{[%clk 1:08:33]} Rxc6 {[%clk 0:50:23]} 25. Bf3 {[%clk 1:08:20]} Rc8
{[%clk 0:50:49]} 26. Na4 {[%clk 1:08:32]} Qa7 {[%clk 0:50:52]} 27. Rcb2
{[%clk 1:08:08]} Rb8 {[%clk 0:50:39]} 28. Kg2 {[%clk 1:05:37]} Bc7
{[%clk 0:47:05]} 29. Qd7 {[%clk 1:06:01]} g6 {[%clk 0:46:29]} 30. Nc3
{[%clk 1:03:05]} Rd8 {[%clk 0:28:44]} 31. Qe7 {[%clk 1:01:28]} Qa6
{[%clk 0:28:30]} 32. Nb5 {[%clk 0:58:45]} Qc8 {[%clk 0:23:33]} 33. Nxc7
{[%clk 0:58:24]} Rd7 {[%clk 0:22:25]} 34. Qg5 {[%clk 0:57:46]} Qxc7
{[%clk 0:21:41]} 35. h4 {[%clk 0:45:03]} Ng7 {[%clk 0:16:57]} 36. Rxb6
{[%clk 0:43:18]} Nf5 {[%clk 0:16:46]} 37. Be4 {[%clk 0:31:13]} Ne3+
{[%clk 0:13:15]} 38. Kh3 {[%clk 0:30:50]} Qd8 {[%clk 0:12:07]} 39. Rb8
{[%clk 0:22:26]} Qxg5 {[%clk 0:11:27]} 40. Rxf8+ {[%clk 0:51:16]} Kxf8
{[%clk 0:41:52]} 41. hxg5 {[%clk 0:51:44]} Nxc4 {[%clk 0:38:48]} 42. Rb8+
{[%clk 0:52:10]} Kg7 {[%clk 0:39:04]} 43. Rc8 {[%clk 0:52:33]} Nxa3
{[%clk 0:28:47]} 44. Rxc5 {[%clk 0:52:22]} Rd4 {[%clk 0:26:49]} 45. Bc6
{[%clk 0:52:49]} Nc4 {[%clk 0:24:33]} 46. Be8 {[%clk 0:52:07]} Kf8
{[%clk 0:18:56]} 47. Rc8 {[%clk 0:52:33]} Ne3 {[%clk 0:19:22]} 48. Ra8
{[%clk 0:52:19]} Nf5 {[%clk 0:16:44]} 49. Bc6+ {[%clk 0:49:38]} Kg7
{[%clk 0:17:10]} 50. Ra7 {[%clk 0:49:58]} Rd8 {[%clk 0:02:19]} 51. Be4
{[%clk 0:49:50]} Ne3 {[%clk 0:02:44]} 52. Rxa5 {[%clk 0:50:05]} Rd4
{[%clk 0:03:02]} 53. Bc6 {[%clk 0:49:46]} Rc4 {[%clk 0:03:06]} 54. Bf3
{[%clk 0:46:03]} h6 {[%clk 0:02:45]} 55. gxh6+ {[%clk 0:46:16]} Kxh6
{[%clk 0:03:12]} 56. Ra3 {[%clk 0:46:39]} Nc2 {[%clk 0:03:04]} 57. Ra7
{[%clk 0:46:46]} Kg7 {[%clk 0:03:29]} 58. Bg4 {[%clk 0:46:34]} Rc6
{[%clk 0:03:08]} 59. Rd7 {[%clk 0:43:27]} Ne3 {[%clk 0:03:07]} 60. Rd3
{[%clk 0:43:41]} 1/2-1/2

[Event "Aleksandria Cup"]
[Site "?"]
[Date "2015.07.19"]
[Round "8.7"]
[White "Kuzubov, Yuriy"]
[Black "Petrosyan, Manuel"]
[Result "1-0"]
[LiveChessVersion "1.3.1"]
[BlackElo "2449"]
[WhiteElo "2653"]

1. e4 {[%clk 1:30:56]} c5 {[%clk 1:30:25]} 2. d3 {[%clk 1:31:12]} Nc6
{[%clk 1:27:55]} 3. Nd2 {[%clk 1:30:13]} d5 {[%clk 1:25:47]} 4. g3
{[%clk 1:25:09]} Nf6 {[%clk 1:24:44]} 5. Bg2 {[%clk 1:24:38]} g6 {[%clk 1:23:59]}
6. Ne2 {[%clk 1:08:04]} dxe4 {[%clk 1:19:38]} 7. dxe4 {[%clk 1:07:19]} Bg7
{[%clk 1:19:58]} 8. O-O {[%clk 1:06:46]} O-O {[%clk 1:20:21]} 9. Nf4
{[%clk 0:55:26]} Rb8 {[%clk 1:05:26]} 10. Re1 {[%clk 0:49:11]} Nd7
{[%clk 1:05:18]} 11. Nd5 {[%clk 0:38:50]} Nb6 {[%clk 0:55:21]} 12. a4
{[%clk 0:33:48]} Ne5 {[%clk 0:47:17]} 13. Ne3 {[%clk 0:27:50]} Be6
{[%clk 0:36:13]} 14. Qe2 {[%clk 0:26:48]} Nc6 {[%clk 0:34:27]} 15. c3
{[%clk 0:23:23]} Na5 {[%clk 0:30:00]} 16. Qb5 {[%clk 0:19:17]} Nd7
{[%clk 0:29:53]} 17. Qe2 {[%clk 0:18:25]} a6 {[%clk 0:29:49]} 18. f4 Nb6
{[%clk 0:29:50]} 19. e5 {[%clk 0:14:29]} f6 {[%clk 0:18:41]} 20. Ne4
{[%clk 0:09:14]} Nb3 {[%clk 0:17:39]} 21. Ra3 {[%clk 0:09:35]} Qc7
{[%clk 0:15:08]} 22. a5 {[%clk 0:08:25]} Nd7 {[%clk 0:14:07]} 23. Qd1
{[%clk 0:04:38]} Nxc1 {[%clk 0:13:53]} 24. Nd5 {[%clk 0:04:29]} Bxd5
{[%clk 0:09:20]} 25. Qxd5+ {[%clk 0:04:54]} e6 {[%clk 0:09:32]} 26. Qxe6+
{[%clk 0:04:44]} Kh8 {[%clk 0:10:01]} 27. Rxc1 {[%clk 0:03:53]} fxe5
{[%clk 0:10:26]} 28. Ng5 {[%clk 0:02:33]} exf4 {[%clk 0:09:05]} 29. Nf7+
{[%clk 0:01:48]} Rxf7 {[%clk 0:09:29]} 30. Qxf7 {[%clk 0:02:15]} Rf8
{[%clk 0:09:39]} 31. Qe7 {[%clk 0:01:54]} Bf6 {[%clk 0:08:16]} 32. Qe4
{[%clk 0:00:32]} fxg3 {[%clk 0:08:25]} 33. Qxb7 {[%clk 0:00:50]} Qf4
{[%clk 0:01:22]} 34. Rf1 {[%clk 0:01:07]} Qe3+ {[%clk 0:00:46]} 35. Kh1
{[%clk 0:01:33]} Ne5 {[%clk 0:01:14]} 36. c4 {[%clk 0:01:27]} Nd3
{[%clk 0:01:43]} 37. Rxd3 {[%clk 0:00:42]} Qxd3 {[%clk 0:02:13]} 38. Qxa6
{[%clk 0:01:02]} Bg7 {[%clk 0:01:21]} 39. Rxf8+ {[%clk 0:01:03]} Bxf8
{[%clk 0:01:50]} 40. Qf6+ {[%clk 0:30:35]} Bg7 {[%clk 0:32:20]} 41. Qf4
{[%clk 0:28:48]} Qb1+ {[%clk 0:27:02]} 42. Bf1 {[%clk 0:25:13]} Qxb2
{[%clk 0:17:52]} 43. hxg3 {[%clk 0:22:41]} h6 {[%clk 0:18:04]} 44. Qd6
{[%clk 0:15:07]} Qb1 {[%clk 0:15:59]} 45. Qd3 {[%clk 0:02:49]} Qa1
{[%clk 0:13:02]} 46. Qd8+ {[%clk 0:03:07]} Kh7 {[%clk 0:13:31]} 47. Kg2
{[%clk 0:03:20]} Qb2+ {[%clk 0:13:30]} 48. Kh3 {[%clk 0:02:45]} Qb1
{[%clk 0:11:44]} 49. Bg2 {[%clk 0:01:29]} Qf5+ {[%clk 0:10:48]} 50. Kh2
{[%clk 0:00:41]} Be5 {[%clk 0:09:54]} 51. Qe7+ {[%clk 0:00:36]} Kh8
{[%clk 0:10:22]} 52. Qh4 {[%clk 0:00:49]} Qg5 {[%clk 0:07:47]} 53. Qxg5
{[%clk 0:00:49]} hxg5 {[%clk 0:08:16]} 54. Bh3 {[%clk 0:00:52]} Kg7
{[%clk 0:01:06]} 55. Kg2 {[%clk 0:01:18]} Kf6 {[%clk 0:00:41]} 56. Kf3
{[%clk 0:01:45]} Bb8 {[%clk 0:00:33]} 57. Ke4 {[%clk 0:02:11]} g4
{[%clk 0:00:54]} 58. Bxg4 {[%clk 0:02:31]} Kg5 {[%clk 0:01:07]} 59. Bc8
{[%clk 0:02:30]} Bxg3 {[%clk 0:01:07]} 60. Kd5 {[%clk 0:02:46]} Kh4
{[%clk 0:01:06]} 61. Ke4 1-0

[Event "Aleksandria Cup"]
[Site "?"]
[Date "2015.07.19"]
[Round "8.8"]
[White "Azaladze, Shota"]
[Black "Mikaelyan, Arman"]
[Result "1-0"]
[LiveChessVersion "1.3.1"]
[BlackElo "2436"]
[WhiteElo "2488"]

1. Nf3 {[%clk 1:22:57]} Nf6 {[%clk 1:30:48]} 2. g3 {[%clk 1:23:09]} g6
{[%clk 1:31:13]} 3. b3 {[%clk 1:23:23]} Bg7 {[%clk 1:31:29]} 4. Bb2
{[%clk 1:23:51]} O-O {[%clk 1:31:39]} 5. Bg2 {[%clk 1:24:16]} d5 {[%clk 1:31:52]}
6. c4 {[%clk 1:24:30]} c6 {[%clk 1:32:09]} 7. O-O {[%clk 1:24:30]} Nbd7
{[%clk 1:32:18]} 8. d4 {[%clk 1:23:01]} Ne4 {[%clk 1:31:51]} 9. Nbd2
{[%clk 1:17:41]} Nxd2 {[%clk 1:31:23]} 10. Qxd2 {[%clk 1:17:01]} a5
{[%clk 1:25:08]} 11. cxd5 {[%clk 1:13:15]} cxd5 {[%clk 1:25:25]} 12. Ne5
{[%clk 1:11:20]} Nf6 {[%clk 1:15:53]} 13. a4 {[%clk 1:07:56]} Ne4
{[%clk 1:10:18]} 14. Qe3 {[%clk 1:03:39]} Qb6 {[%clk 1:08:04]} 15. Bxe4
{[%clk 1:02:16]} dxe4 {[%clk 1:08:26]} 16. Nc4 {[%clk 1:02:42]} Qe6
{[%clk 0:59:48]} 17. d5 {[%clk 0:59:03]} Qg4 {[%clk 1:00:15]} 18. Bxg7
{[%clk 0:57:33]} Kxg7 {[%clk 1:00:42]} 19. Rad1 {[%clk 0:47:06]} Ra6
{[%clk 0:52:18]} 20. Rd4 {[%clk 0:39:57]} Qf5 {[%clk 0:44:53]} 21. Qxe4
{[%clk 0:36:49]} Qxe4 {[%clk 0:45:18]} 22. Rxe4 {[%clk 0:37:15]} Rd8
{[%clk 0:45:40]} 23. Rd1 {[%clk 0:24:37]} Kf8 {[%clk 0:44:03]} 24. Red4
{[%clk 0:24:15]} Bd7 {[%clk 0:44:05]} 25. Ne5 {[%clk 0:16:48]} Be8
{[%clk 0:43:52]} 26. Rc1 {[%clk 0:16:45]} f6 {[%clk 0:40:25]} 27. Nd3
{[%clk 0:15:05]} e5 {[%clk 0:37:45]} 28. Rh4 {[%clk 0:15:28]} Rxd5
{[%clk 0:37:55]} 29. Rxh7 {[%clk 0:10:16]} Rc6 {[%clk 0:37:37]} 30. Rxc6
{[%clk 0:10:08]} Bxc6 {[%clk 0:38:03]} 31. f3 {[%clk 0:09:37]} Rd6
{[%clk 0:23:37]} 32. Kf2 {[%clk 0:09:22]} Bd5 {[%clk 0:23:29]} 33. b4
{[%clk 0:08:47]} axb4 {[%clk 0:23:25]} 34. Nxb4 {[%clk 0:09:11]} Bf7
{[%clk 0:23:42]} 35. Rh8+ {[%clk 0:07:29]} Kg7 {[%clk 0:16:35]} 36. Rb8
{[%clk 0:07:07]} Rb6 {[%clk 0:16:53]} 37. Nd3 {[%clk 0:07:24]} Bd5
{[%clk 0:16:48]} 38. Rc8 {[%clk 0:06:19]} Bc6 {[%clk 0:16:13]} 39. Rc7+
{[%clk 0:06:06]} Kh6 {[%clk 0:16:25]} 40. Nc5 {[%clk 0:33:41]} Rb2
{[%clk 0:40:58]} 41. Ne6 {[%clk 0:27:30]} e4 {[%clk 0:31:20]} 42. f4
{[%clk 0:18:42]} Rb3 {[%clk 0:26:35]} 43. g4 {[%clk 0:18:03]} g5 {[%clk 0:20:56]}
44. Nd4 {[%clk 0:17:30]} e3+ {[%clk 0:18:57]} 45. Kg3 {[%clk 0:17:50]} gxf4+
{[%clk 0:19:21]} 46. Kh4 {[%clk 0:17:11]} Be4 {[%clk 0:19:47]} 47. Nxb3
{[%clk 0:17:18]} f3 {[%clk 0:20:15]} 48. exf3 {[%clk 0:16:44]} e2
{[%clk 0:20:44]} 49. Rc1 {[%clk 0:17:04]} Bc2 {[%clk 0:21:13]} 50. Nd4
{[%clk 0:17:11]} 1-0

[Event "Aleksandria Cup"]
[Site "?"]
[Date "2015.07.19"]
[Round "8.9"]
[White "Kekelidze, Mikheil"]
[Black "Benidze, Davit"]
[Result "0-1"]
[LiveChessVersion "1.3.1"]
[BlackElo "2465"]
[WhiteElo "2426"]

1. d4 {[%clk 1:30:58]} Nf6 {[%clk 1:30:29]} 2. c4 {[%clk 1:31:16]} c5
{[%clk 1:30:53]} 3. d5 {[%clk 1:30:35]} e6 {[%clk 1:31:20]} 4. Nc3
{[%clk 1:30:44]} exd5 {[%clk 1:31:48]} 5. cxd5 {[%clk 1:31:09]} d6
{[%clk 1:32:13]} 6. e4 {[%clk 1:31:07]} g6 {[%clk 1:32:39]} 7. f4
{[%clk 1:31:29]} Bg7 {[%clk 1:33:02]} 8. Bb5+ {[%clk 1:31:55]} Nfd7
{[%clk 1:33:29]} 9. Nf3 {[%clk 1:32:11]} a6 {[%clk 1:33:54]} 10. Bd3
{[%clk 1:32:28]} b5 {[%clk 1:34:02]} 11. O-O {[%clk 1:32:47]} O-O
{[%clk 1:33:45]} 12. Kh1 {[%clk 1:29:41]} c4 {[%clk 1:26:58]} 13. Bc2
{[%clk 1:27:26]} Nc5 {[%clk 1:24:58]} 14. f5 {[%clk 1:01:44]} Nbd7
{[%clk 1:23:56]} 15. a3 {[%clk 0:55:11]} Ne5 {[%clk 1:15:23]} 16. Bg5
{[%clk 0:52:37]} Bf6 {[%clk 1:05:09]} 17. Bxf6 {[%clk 0:37:37]} Qxf6
{[%clk 1:05:34]} 18. Nxe5 {[%clk 0:38:00]} Qxe5 {[%clk 1:05:38]} 19. f6
{[%clk 0:38:01]} Bd7 {[%clk 1:02:17]} 20. Qd2 {[%clk 0:37:04]} Kh8
{[%clk 1:02:24]} 21. Rae1 {[%clk 0:29:17]} Rae8 {[%clk 0:59:57]} 22. Ne2
{[%clk 0:22:05]} Nxe4 {[%clk 0:52:39]} 23. Bxe4 {[%clk 0:22:24]} Qxe4
{[%clk 0:53:06]} 24. Nf4 {[%clk 0:19:09]} c3 {[%clk 0:53:15]} 25. Qxc3
{[%clk 0:08:08]} Qc4 {[%clk 0:53:33]} 26. Qd2 {[%clk 0:06:47]} g5
{[%clk 0:46:36]} 27. Rc1 {[%clk 0:01:40]} Qe4 {[%clk 0:47:02]} 28. Nh5
{[%clk 0:02:04]} Re5 {[%clk 0:46:51]} 29. Ng7 {[%clk 0:00:43]} Rxd5
{[%clk 0:46:39]} 30. Qf2 {[%clk 0:00:56]} h6 {[%clk 0:43:01]} 31. Rce1
{[%clk 0:00:40]} Qd4 {[%clk 0:42:58]} 32. Qc2 {[%clk 0:00:37]} Rc5
{[%clk 0:42:55]} 33. Qb3 {[%clk 0:00:41]} Bc6 34. Re2 {[%clk 0:00:35]} Qg4
{[%clk 0:39:13]} 35. Ref2 {[%clk 0:00:40]} Be4 {[%clk 0:36:49]} 36. Qe3
{[%clk 0:00:43]} Re5 {[%clk 0:36:16]} 37. Qb6 {[%clk 0:00:46]} Rd5
{[%clk 0:36:30]} 38. Qxa6 {[%clk 0:00:43]} Rd1 {[%clk 0:36:50]} 39. Qxb5
{[%clk 0:00:53]} Bd3 {[%clk 0:37:15]} 40. Qd5 {[%clk 0:30:35]} Bxf1
{[%clk 1:07:37]} 0-1

[Event "Aleksandria Cup"]
[Site "?"]
[Date "2015.07.19"]
[Round "8.10"]
[White "Kostenko, Petr"]
[Black "Javakhadze, Zurab"]
[Result "0-1"]
[LiveChessVersion "1.3.1"]
[BlackElo "2415"]
[WhiteElo "2457"]

1. e4 {[%clk 1:18:31]} c5 {[%clk 1:29:27]} 2. Nf3 {[%clk 1:18:48]} d6
{[%clk 1:29:51]} 3. d4 {[%clk 1:19:10]} cxd4 {[%clk 1:30:17]} 4. Nxd4
{[%clk 1:19:36]} Nf6 {[%clk 1:30:42]} 5. Nc3 {[%clk 1:20:00]} g6 {[%clk 1:30:55]}
6. Be3 {[%clk 1:20:25]} Bg7 {[%clk 1:31:21]} 7. f3 {[%clk 1:20:50]} a6
{[%clk 1:30:01]} 8. g4 {[%clk 1:20:57]} Nc6 {[%clk 1:24:12]} 9. Qd2
{[%clk 1:20:45]} h5 {[%clk 1:17:56]} 10. g5 {[%clk 1:20:55]} Nd7 {[%clk 1:18:19]}
11. Be2 {[%clk 1:18:59]} Nc5 {[%clk 1:04:56]} 12. O-O-O {[%clk 1:18:16]} Bd7
{[%clk 1:00:16]} 13. Kb1 {[%clk 1:18:12]} Rc8 {[%clk 0:59:38]} 14. Nb3
{[%clk 1:17:44]} b6 {[%clk 0:56:44]} 15. f4 {[%clk 1:16:16]} O-O {[%clk 0:54:46]}
16. Bf3 {[%clk 1:12:21]} a5 {[%clk 0:38:13]} 17. Nd4 {[%clk 1:02:29]} a4
{[%clk 0:32:34]} 18. Nxc6 {[%clk 0:58:48]} Bxc6 {[%clk 0:32:32]} 19. Bd4
{[%clk 0:58:42]} Bxd4 {[%clk 0:30:29]} 20. Qxd4 {[%clk 0:59:07]} a3
{[%clk 0:30:43]} 21. b3 {[%clk 0:55:24]} Qc7 {[%clk 0:26:21]} 22. Qe3
{[%clk 0:43:39]} e5 {[%clk 0:20:24]} 23. fxe5 {[%clk 0:27:53]} dxe5
{[%clk 0:20:43]} 24. h4 {[%clk 0:26:06]} Ne6 {[%clk 0:18:04]} 25. Ne2
{[%clk 0:24:17]} Bb7 {[%clk 0:15:54]} 26. Rd2 {[%clk 0:23:25]} Nd4
{[%clk 0:06:33]} 27. Rc1 {[%clk 0:22:51]} Rfd8 {[%clk 0:04:55]} 28. Nxd4
{[%clk 0:22:45]} exd4 {[%clk 0:04:46]} 29. Rxd4 {[%clk 0:23:11]} Rxd4
{[%clk 0:04:18]} 30. Qxd4 {[%clk 0:23:39]} Qg3 {[%clk 0:02:27]} 31. Bh1
{[%clk 0:21:59]} Qxh4 {[%clk 0:01:24]} 32. Qd7 {[%clk 0:18:21]} Qg3
{[%clk 0:01:44]} 33. Qe7 {[%clk 0:18:50]} Rc7 {[%clk 0:00:32]} 34. Qxa3
{[%clk 0:18:59]} Qxg5 {[%clk 0:01:00]} 35. Qd6 {[%clk 0:16:54]} Qc5
{[%clk 0:00:51]} 36. Qd8+ {[%clk 0:16:23]} Kg7 {[%clk 0:01:19]} 37. a4
{[%clk 0:16:29]} Rc8 {[%clk 0:00:39]} 38. Qd7 {[%clk 0:12:12]} Rc7
{[%clk 0:01:07]} 39. Qd8 {[%clk 0:12:36]} g5 {[%clk 0:00:47]} 40. c4
{[%clk 0:41:50]} Qe5 {[%clk 0:30:58]} 41. Ka2 {[%clk 0:42:00]} Bc8
{[%clk 0:17:56]} 42. Qd5 {[%clk 0:36:00]} f6 {[%clk 0:18:00]} 43. Qd8
{[%clk 0:17:52]} Rd7 {[%clk 0:09:05]} 44. Qxc8 {[%clk 0:18:17]} Rd2+
{[%clk 0:09:33]} 45. Ka3 {[%clk 0:18:41]} Qb2+ {[%clk 0:09:56]} 46. Kb4
{[%clk 0:19:08]} Rd3 {[%clk 0:10:18]} 47. Kb5 {[%clk 0:19:06]} Qxc1
{[%clk 0:04:21]} 48. b4 {[%clk 0:18:44]} Qxh1 {[%clk 0:03:28]} 49. Qe6
{[%clk 0:18:54]} g4 {[%clk 0:03:04]} 50. Kxb6 {[%clk 0:17:44]} Qf3
{[%clk 0:02:45]} 51. c5 {[%clk 0:18:00]} g3 {[%clk 0:03:08]} 52. Qe7+
{[%clk 0:18:13]} Kg6 {[%clk 0:03:28]} 53. Qe8+ {[%clk 0:18:26]} Kg5
{[%clk 0:03:53]} 54. e5 {[%clk 0:18:48]} g2 {[%clk 0:04:02]} 55. e6
{[%clk 0:17:51]} Kh4 {[%clk 0:04:15]} 56. Qg8 {[%clk 0:18:18]} Qg4
{[%clk 0:04:31]} 0-1

[Event "Aleksandria Cup"]
[Site "?"]
[Date "2015.07.19"]
[Round "8.11"]
[White "Poghosyan, Suren"]
[Black "Shahinyan, David"]
[Result "0-1"]
[LiveChessVersion "1.3.1"]
[BlackElo "2451"]
[WhiteElo "2273"]

1. e4 {[%clk 1:30:05]} e6 {[%clk 1:30:08]} 2. d4 {[%clk 1:29:17]} d5
{[%clk 1:30:03]} 3. exd5 {[%clk 1:28:37]} exd5 {[%clk 1:30:25]} 4. Nf3
{[%clk 1:29:03]} Nf6 {[%clk 1:29:45]} 5. Bd3 {[%clk 1:29:26]} Be7
{[%clk 1:26:48]} 6. O-O {[%clk 1:24:12]} O-O {[%clk 1:26:55]} 7. c4
{[%clk 1:23:45]} Nc6 {[%clk 1:24:56]} 8. h3 {[%clk 1:18:53]} h6 {[%clk 1:20:59]}
9. a3 {[%clk 1:14:56]} Be6 {[%clk 1:15:00]} 10. c5 {[%clk 1:05:43]} Ne4
{[%clk 1:02:23]} 11. b4 {[%clk 1:05:13]} f5 {[%clk 1:02:19]} 12. b5
{[%clk 1:01:03]} Na5 {[%clk 1:01:08]} 13. Bd2 {[%clk 0:38:18]} Nc4
{[%clk 0:58:53]} 14. Bb4 {[%clk 0:30:15]} a5 {[%clk 0:39:18]} 15. Be1
{[%clk 0:26:04]} Bf6 {[%clk 0:31:28]} 16. Nc3 {[%clk 0:25:54]} b6
{[%clk 0:30:52]} 17. c6 {[%clk 0:21:51]} Nb2 {[%clk 0:26:17]} 18. Qc2 Nxd3 19.
Qxd3 {[%clk 0:21:16]} Qd6 {[%clk 0:26:33]} 20. Nd2 {[%clk 0:18:06]} Rae8
{[%clk 0:24:17]} 21. f3 {[%clk 0:14:52]} Nc5 {[%clk 0:23:04]} 22. dxc5
{[%clk 0:13:58]} Qxc5+ {[%clk 0:21:52]} 23. Bf2 {[%clk 0:12:53]} Qxc3
{[%clk 0:22:05]} 24. Qxc3 {[%clk 0:13:09]} Bxc3 {[%clk 0:22:28]} 25. Rad1
{[%clk 0:13:38]} d4 {[%clk 0:20:12]} 26. Nb1 {[%clk 0:12:06]} Bc4
{[%clk 0:15:17]} 27. Nxc3 {[%clk 0:12:18]} dxc3 {[%clk 0:14:27]} 28. Rfe1
{[%clk 0:12:34]} c2 {[%clk 0:13:29]} 29. Rc1 {[%clk 0:12:44]} Rxe1+
{[%clk 0:12:55]} 30. Bxe1 {[%clk 0:13:07]} Bb3 {[%clk 0:13:16]} 31. Kf2
{[%clk 0:12:40]} Rd8 {[%clk 0:13:24]} 32. Bc3 {[%clk 0:12:15]} Rd1
{[%clk 0:13:49]} 33. Bb2 {[%clk 0:12:41]} f4 {[%clk 0:14:14]} 34. Ke2
{[%clk 0:13:07]} Kf7 {[%clk 0:13:49]} 0-1